Statistiques concernant Les Capitales d'Amérique du Nord

Cliquez ici pour prendre le quiz!

Statistiques générales

  • Ce quiz a été pris 141 fois
  • Le résultat moyen est 16 sur 23

Statistiques - réponses

PaysCapitale% Correct
Etats-UnisWashington
98%
MexiqueMexico
95%
CanadaOttawa
94%
PanamaPanama
91%
CubaLa Havane
85%
GuatemalaGuatemala
80%
JamaïqueKingston
77%
Saint-Vincent-et-les- GrenadinesKingstown
77%
HaïtiPort-au-Prince
74%
SalvadorSan Salvador
74%
Costa RicaSan José
68%
République dominicaineSaint-Domingue
67%
Trinité-et-TobagoPort-d'Espagne
61%
HondurasTegucigalpa
61%
BelizeBelmopan
59%
NicaraguaManagua
59%
BahamasNassau
58%
DominiqueRoseau
53%
Sainte-LucieCastries
52%
Antigua-et-BarbudaSaint John’s
50%
BarbadeBridgetown
48%
Saint-Christophe- et-NiévèsBasseterre
47%
GrenadeSaint-Georges
47%

Distribution des résultats

Percentile par nombre de réponses

% des personnes avec chaque résultat

Votre développement - résultats

Vous n’avez pas pris ce quiz